| 000 | 00837amm a2200277 4500 | ||
|---|---|---|---|
| 005 | 20250417120121.0 | ||
| 007 | cr |||||||| | ||
| 008 | 250417s2025 c o d cat d | ||
| 017 | _aV-877-2025 | ||
| 020 | _a9788448270438 | ||
| 041 | _acat | ||
| 245 | _aAmunt al cel: Vocabulari visual de la muixeranga | ||
| 260 |
_aValència _bAcadèmia Valenciana de la Llengua _c2025 |
||
| 300 |
_a60 p. _bil. |
||
| 490 |
_aVocabularis Visuals; _v4 |
||
| 520 | _aaprox. 50 | ||
| 592 | _aObra terminològica | ||
| 593 | _aOS | ||
| 650 | 0 |
_acostums i tradicions _961439 |
|
| 650 | 0 |
_acultura popular _962169 |
|
| 650 | 0 |
_afolklore _963430 |
|
| 700 |
_aMartínez, Esperança _975788 |
||
| 830 |
_aVocabularis Visuals; _v4 _975627 |
||
| 856 | _uhttps://www.avl.gva.es/documents/31987/243392/amunt-al-cel_AVL.pdf | ||
| 942 |
_cMO _2ddc _n0 |
||
| 999 |
_c69264 _d69264 |
||